书目信息 |
| 书名: | Stability and transition in shear flows | |
| 作者: | Peter J. Schmid, Dan S. Henningson. | |
| 分册号: | ||
| 分册名: | 出版地: | Beijing : |
|
| 出版社: | 世界图书出版公司 | |
| 出版时间: | 2014. | |
| 页数: | xiii, 556 p. : | |
| 开本: | 23 cm. | |
| 丛书名: | ||
| 中图分类号: | ||
| 科图分类号: | ||
| 其他分类号: | O357.5 | |
| 主题词: | ||
| 电子资源: | ||
| 000 | 00945cam 2200289 a 450 | |
| 001 | CAL 022014050883 | |
| 003 | CAL | |
| 005 | 20150706085447.8 | |
| 008 | 140724r20142001cc a b 001 0 eng d | |
| 020 | @a9787510070242@cCNY89.00 | |
| 040 | @aTJU@cTJU@dJLU | |
| 042 | @apcc | |
| 093 | @aO357.5@25 | |
| 093 | @aO351@25 | |
| 099 | @aO357.5/S349@dO357.5 | |
| 100 | 1 | @aSchmid, Peter J. |
| 245 | 10 | @aStability and transition in shear flows /@cPeter J. Schmid, Dan S. Henningson. |
| 246 | 14 | @a剪切流中的稳定性和转捩 |
| 260 | @aBeijing :@b世界图书出版公司,@c2014. | |
| 300 | @axiii, 556 p. :@bill. ;@c23 cm. | |
| 490 | 0 | @aApplied mathematical sciences ;@v142 |
| 504 | @aIncludes bibliographical references (p. [529]-550) and index. | |
| 534 | @pReprint. Originally published.@cVerlag : New York, c2001.@z0387989854. | |
| 650 | 0 | @aShear flow. |
| 650 | 0 | @aStability. |
| 700 | 1 | @aHenningson, Dan S. |
| 905 | @a河南城建学院图书馆@dO357.5@eS349 | |
| Stability and transition in shear flows / / Peter J. Schmid, Dan S. Henningson.-Beijing : : 世界图书出版公司, , 2014. |
| xiii, 556 p. : : ill. ; ; 23 cm.- (Applied mathematical sciences ; 142) |
| Includes bibliographical references (p. [529]-550) and index. |
| ISBN 9787510070242CNY89.00 |
| ● |
| 相关链接 |
|
|
|
正题名:Stability and transition in shear flows
索取号:O357.5
 
预约/预借
| 序号 | 登录号 | 条形码 | 馆藏地/架位号 | 状态 | 备注 |
| 1 | 15636 | 300156364 | 自科库401/401自科库 53排7列3层/ [索取号:O357.5/] | 在馆 | |
| 2 | 15637 | 300156373 | 自科库401/401自科库 53排7列3层/ [索取号:O357.5/] | 在馆 | |
| 3 | 15638 | 300156382 | 自科库401/401自科库 53排7列3层/ [索取号:O357.5/] | 在馆 |